[Event "Chigorin Mem. Russian Cup 2017"]
[Site "St. Petersburg"]
[Date "2017.10.26"]
[Round "6"]
[White "Sindarov, Javokhir"]
[Black "Pridorozhni, Aleksei"]
[Result "0-1"]
[WhiteElo "2406"]
[BlackElo "2565"]
[Annotator "TA"]
[PlyCount "116"]
[EventDate "2017.??.??"]
[EventType "swiss"]
[EventCountry "RUS"]
[SourceTitle "playchess.com"]
[Source "ChessBase"]
[SourceQuality "1"]

{[%evp 19,116,-5,0,-2,-7,-2,-14,-7,-10,-2,-8,-14,0,-4,0,-4,0,0,0,-2,0,-32,0,0,0,0,0,0,0,0,0,-59,-31,-34,-48,-53,-24,-30,-12,-12,-12,-13,-12,-19,-27,-28,-5,-10,0,0,0,0,0,-18,-12,-23,-23,-23,-23,-33,-23,-23,-47,-56,-23,-23,-23,-61,-23,-23,-23,-91,-89,-49,-74,-87,-87,-463,-462,-440,-412,-354,-339,-408,-401,-599,-599,-635,-635,-636,-636,-602,-594,-547,-511,-640,-636,-625,-625]} 1. e4 e6 2. d4 d5 3. exd5 exd5 4. Nf3 Nf6 5. Bd3 Bd6 6. O-O O-O 7. h3 h6 8. c4 {C01: French: Exchange Variation} (8. Nc3 c6 9. Ne5 c5 10. Nb5 Be7 11. dxc5 Bxc5 12. Bf4 a6 13. Nc3 Nc6 14. Qd2 d4 15. Ne2 Re8 16. Nxc6 bxc6 {½-½ (37) Fressinet,L (2668)-Bacrot,E (2696) Balagna 2017}) 8... dxc4 9. Bxc4 Nc6 10. Nc3 Bf5 {LiveBook: 13 Games} 11. a3 Qd7 12. Re1 Rfe8 13. Be3 a6 {[#]} 14. Rc1 $146 ({Predecessor:} 14. Bf1 Ne4 15. Nh4 Bh7 {½-½ (35) Makarov,M (2536)-Vunder,A (2261) St Petersburg 2008}) 14... Rad8 15. b4 Ne4 16. Nxe4 Bxe4 17. Nd2 Bf5 18. Qh5 Bf8 19. Nf3 Be6 20. Bxe6 Rxe6 21. Ne5 Qe8 22. Nxc6 Rxc6 23. d5 Rxc1 24. Rxc1 Bd6 25. Bc5 ({White should play} 25. Qg4 $11) 25... Qe5 $15 26. Qxe5 Bxe5 {[%mdl 4096] Endgame KRB-KRB} 27. Rd1 b6 28. Be3 Kf8 29. Kf1 Ke7 30. Ke2 Kd6 31. g4 Ra8 32. Rd3 Kd7 33. Bd2 Bd6 34. h4 Re8+ 35. Kf3 Be7 36. Kg3 Bf6 37. h5 Re4 38. f4 Kd6 39. Kf3 Rc4 40. Be3 Bb2 41. g5 f5 {aiming for ...Rc3.} 42. gxf6 Bxf6 43. Bf2 a5 44. bxa5 bxa5 45. Be1 (45. Ba7 $11) 45... Bd4 $17 46. Bxa5 Kxd5 47. Rb3 c5 48. Kg4 $2 {[%mdl 8192] [#]} (48. Bc7 $17) 48... Ra4 $19 49. Bd2 Ke4 50. Rf3 Rc4 51. f5 Rc2 52. f6 (52. Rf4+ {might work better.} Kd3 53. Be1) 52... Bxf6 {Black is clearly winning.} ({But not} 52... Rxd2 $2 53. f7 $18) 53. Rf4+ Kd3 54. Be1 Rg2+ 55. Kf3 Rh2 56. Rf5 Bd4 57. a4 Ra2 58. a5 c4 {Precision: White = 56%, Black = 70%.} 0-1

[Event "Chigorin Mem. Russian Cup 2017"]
[Site "St. Petersburg"]
[Date "2017.10.27"]
[Round "7"]
[White "Artemiev, Vladislav"]
[Black "Mikaelyan, Arman"]
[Result "1-0"]
[WhiteElo "2696"]
[BlackElo "2503"]
[Annotator "TA"]
[PlyCount "149"]
[EventDate "2017.??.??"]
[EventType "swiss"]
[EventCountry "RUS"]
[SourceTitle "playchess.com"]
[Source "ChessBase"]
[SourceQuality "1"]

{[%evp 17,149,13,20,9,0,0,0,0,6,6,14,2,72,65,85,81,97,74,75,31,34,41,103,37,41,50,62,58,57,46,90,15,16,10,9,9,11,10,11,10,12,10,10,10,9,12,10,0,0,0,53,60,84,3,2,0,0,0,2,0,2,0,0,0,8,4,10,4,8,8,8,3,93,27,30,28,32,17,32,32,38,38,65,65,65,65,65,65,81,8,81,79,81,79,79,79,143,135,245,245,245,238,238,238,989,121,124,124,124,124,1035,163,147,0,931,788,29970,29971,29971,29972,29971,29973,29970,29970,29974,29976,29976,29977,29977,29978,29978,29979,29979,29980]} 1. g3 Nf6 2. Bg2 d5 3. Nf3 g6 4. b3 Bg7 5. Bb2 O-O 6. c4 c6 7. O-O Nbd7 8. Qc2 Re8 9. cxd5 cxd5 {LiveBook: 13 Games} 10. Rc1 {A11: English Opening: 1...c6} e5 11. Qc7 $146 ({Predecessor:} 11. b4 Qb6 12. Qb3 Ng4 13. e3 e4 14. Bxg7 Kxg7 15. Nd4 Nde5 16. Nc3 Be6 17. Na4 Qd8 {1-0 (26) Fedoseev,V (2523)-Chekh Adm Khedr,A (1891) Kocaeli 2011}) 11... Qxc7 12. Rxc7 {The position is equal.} b6 13. Nc3 e4 14. Nd4 Bf8 (14... Nc5 $11) 15. d3 a6 16. dxe4 dxe4 17. Rd1 Rb8 18. g4 h6 19. h4 {g5 is the strong threat.} Bd6 (19... b5 $14) 20. Ndb5 (20. Ra7 $16 Nxg4 21. Nxe4 (21. Bxe4 Ndf6 $16) 21... Bh2+ 22. Kf1) 20... Bxc7 $14 21. Nxc7 Rd8 $1 22. g5 hxg5 23. hxg5 Nh7 24. Ba3 (24. Bxe4 $16 Bb7 25. Bxb7 Rxb7 26. N3d5) 24... Bb7 $11 25. Be7 Rdc8 $1 {[%cal Rc8c7]} 26. Rxd7 Bc6 27. Rd1 Rxc7 28. Bd6 Rbc8 29. Bxc7 Rxc7 30. Nxe4 Bxe4 31. Bxe4 Nxg5 {[%mdl 4096] Endgame KRB-KRN} 32. Rd8+ Kg7 33. Bd3 Rc1+ (33... Nh3+ $11 34. Kg2 Nf4+ 35. Kf3 Nxd3 36. Rxd3 Rc5) 34. Kg2 $14 Ra1 35. a4 (35. Bxa6 $16 {aiming for a4.} Rxa2 36. Bc4) 35... Ra3 $11 36. Bc2 Ra2 37. Bd3 Rb2 38. Bxa6 Rxb3 39. Bb5 Ne6 40. Rd7 {Threatens to win with Bc4.} Rb4 41. Ra7 Kf8 42. e3 Nc5 43. Bc6 Rb2 44. Bd5 Rd2 (44... f5 $11) 45. Rxf7+ ({Better is} 45. Bxf7 $16 Kg7 46. a5 bxa5 47. Bc4+ (47. Rxa5 Ne4 $14) 47... Kf6 48. Rxa5) 45... Ke8 46. Bc4 {Black must now prevent Ra7.} Nxa4 47. Rf6 Nc3 48. Bb3 b5 49. Rc6 b4 50. Rb6 Rb2 51. Rxb4 Ke7 52. Kg3 Kf6 53. Rb6+ (53. Rf4+ $16 Ke5 54. Bc4) 53... Kg7 (53... Kg5 $1 $11 {remains equal.}) 54. Rb7+ Kh6 55. f3 Ne2+ 56. Kg4 Nc1 ({Black should play} 56... Rb1) 57. Bd5 $16 Rxb7 (57... Rg2+ $16 {was necessary.} 58. Kh3 Rd2) 58. Bxb7 {KB-KN} Nd3 59. Ba6 Nc5 60. Bc4 Nd7 $2 {[#]} (60... Kg7 61. Kg5 Nd7) 61. Be6 $2 (61. Kf4 $18 {And now e4 would win.} Kg7 62. Kg5) 61... Ne5+ 62. Kf4 Nd3+ 63. Ke4 Nc5+ $2 {[%mdl 8192]} (63... Ne1 $16 64. Bg4 Kg5) 64. Kd5 $2 (64. Ke5 {Strongly threatening Kf6.} Kg5 65. Bc4) 64... Nd3 $18 65. Ke4 $2 {[%mdl 8192]} (65. Bc8 $16) 65... Nc5+ {[#]} 66. Ke5 $1 {[%cal Re5f6]} Kg7 67. Bc4 {White mates.} Nd7+ 68. Kd6 Nf6 69. e4 {[%cal Be3e4,Be4e5,Be5e6,Be6e7][%mdl 32]} Nh5 70. e5 g5 71. e6 Kf6 72. e7 Ng7 73. Be6 Ne8+ 74. Kd7 Ng7 75. Bg4 {Precision: White = 51%, Black = 44%.} 1-0

[Event "Chigorin Mem. Russian Cup 2017"]
[Site "St. Petersburg"]
[Date "2017.10.27"]
[Round "7"]
[White "Gordievsky, Dmitry"]
[Black "Abdusattorov, Nodirbek"]
[Result "1-0"]
[WhiteElo "2605"]
[BlackElo "2498"]
[Annotator "TA"]
[PlyCount "137"]
[EventDate "2017.??.??"]
[EventType "swiss"]
[EventCountry "RUS"]
[SourceTitle "playchess.com"]
[Source "ChessBase"]
[SourceQuality "1"]

{[%evp 10,137,0,-2,53,21,19,18,26,19,17,0,45,27,98,97,104,97,91,89,80,69,72,60,81,80,105,118,181,163,188,185,185,187,188,187,187,177,199,188,187,183,181,118,118,118,170,110,126,110,112,97,118,101,105,73,73,73,73,77,80,96,96,33,33,33,73,73,81,8,8,8,8,8,8,8,81,81,82,82,90,106,106,8,8,8,8,0,8,8,8,8,8,8,8,8,8,8,8,8,8,8,8,8,8,8,8,8,8,8,8,8,8,8,8,8,29972,29973,29974,29976,29976,29977,29974,29977,29977,29978,29978,29979,29979,29980]} 1. c4 e6 2. Nc3 Nf6 3. e4 e5 4. Nf3 Nc6 5. d4 exd4 6. Nxd4 {LiveBook: 27 Partien} Bc5 {A18: Englische Eröffnung} (6... Bb4 $11) (6... Bb4 7. Nxc6 bxc6 8. e5 Ne4 9. Qg4 Nxc3 10. Bd2 O-O 11. bxc3 Qe7 12. Be2 Qxe5 13. O-O Bxc3 14. Bf4 {1-0 (56) Mastrovasilis,A (2512)-Papaioannou,I (2642) Porto Rio 2014}) 7. Nxc6 dxc6 8. Qxd8+ Kxd8 {Die Stellung ist ausgeglichen.} 9. f3 $146 ({Vorgänger:} 9. Bg5 Ke8 10. f3 Be6 11. O-O-O Nd7 12. Bf4 Rc8 13. Nd5 Bd6 14. Bd2 cxd5 15. cxd5 Bxd5 16. exd5 {1-0 (39) Balinov,I (2499)-Pachta,P (2266) Tweng 2007}) 9... Be6 10. Bf4 Nh5 11. O-O-O+ Ke7 (11... Kc8 $11 {bleibt in der Remisbreite.} 12. Na4 Be7) 12. Bxc7 $16 Rac8 13. Be5 Rhd8 14. Rxd8 Rxd8 15. Nd1 g5 16. g3 g4 17. f4 Nf6 18. f5 $1 Nxe4 (18... Bc8 $16 {ist eine bessere Verteidigung.}) 19. fxe6 {zielt auf Lg2 ab.} Kxe6 20. Bc3 $1 Rxd1+ 21. Kxd1 Nf2+ 22. Ke2 $1 Nxh1 $18 {[%mdl 4096] Endspiel KLL-KLS} 23. Be1 h5 24. Bg2 Nxg3+ 25. hxg3 ({Keinesfalls} 25. Bxg3 $6 f5 $16) 25... f5 26. Bd2 (26. a4 $18) 26... Bd6 $16 27. Kf2 a6 (27... Be7 $16 {war nötig.} 28. Bf1 h4) 28. Be3 ({Besser ist} 28. b4 $1 $18) 28... Kf7 29. Bf4 Bc5+ 30. Ke2 Ke6 31. Kd3 Bg1 32. b4 Bh2 33. Ke3 Bg1+ 34. Ke2 Bh2 35. Kf2 h4 36. b5 (36. a4 $1 $16) 36... axb5 $14 37. cxb5 cxb5 38. Bxb7 b4 39. Ba6 (39. Bc7 $16 Bxg3+ 40. Bxg3 hxg3+ 41. Kxg3) 39... Kf6 $1 $11 40. Bc8 Bxg3+ 41. Bxg3 hxg3+ 42. Kxg3 {Droht stark Kf4. KL-K3B} Ke5 (42... Kg5 $11 {hält das Gleichgewicht.}) 43. Bd7 $16 Ke4 44. Be6 {Und Lc8 würde nun gewinnen.} Ke5 45. Bc8 (45. Bg8 {with more complications.} Kd4 46. Kf4 Kc3 47. Bf7 Kc2 48. Kg3) 45... Ke4 46. Kf2 (46. Bb7+ $16 Kd3 47. Bc6) 46... Kf4 $11 47. Ke2 Ke4 48. Kf2 Kf4 49. Bb7 {Schwarz sollte Lc8 verhindern.} Kg5 50. Ke3 f4+ 51. Ke4 g3 $1 {[%cal Rg3g2]} 52. Kd3 ({Weniger gut wäre} 52. Kf3 Kf5 $16) 52... Kg4 53. Ke2 {Droht Lg2.} Kh3 54. Bf3 Kh2 55. Kf1 {Lg2 ist eine echte Drohung.} Kh3 56. Kg1 {Schwarz muss nun Kf1 beachten.} Kh4 $1 57. Kg2 {Und weiter mit Le2 wäre nett.} Kg5 58. Kf1 {und nun wäre Lb7 stark für Weiss.} Kh4 59. Bg2 {Weiss will Ld5 spielen.} Kg5 60. Ke1 {Mit der Idee La8.} Kf5 61. Kd2 {Droht Ke2 und aus.} Kg5 62. Kd3 $1 {[%cal Rd3d4]} Kf5 $2 {[%mdl 8192]} (62... Kh5 $11 63. Kd4 Kg5) 63. Kd4 {Weiß setzt Matt.} Kg5 {[#]} 64. Ke5 $1 Kg4 65. Ke4 Kg5 {[#]} 66. Bf3 $1 Kh4 67. Kxf4 Kh3 68. Ke3 g2 {[#]} 69. Bxg2+ $1 {[%mdl 512] Precision: Weiß = 51%, Schwarz = 60%.} 1-0

[Event "Chigorin Mem. Russian Cup 2017"]
[Site "St. Petersburg"]
[Date "2017.10.27"]
[Round "7"]
[White "Sengupta, Deep"]
[Black "Sarana, Alexey"]
[Result "1/2-1/2"]
[WhiteElo "2587"]
[BlackElo "2543"]
[Annotator "TA"]
[PlyCount "80"]
[EventDate "2017.??.??"]
[EventType "swiss"]
[EventCountry "RUS"]
[SourceTitle "playchess.com"]
[Source "ChessBase"]
[SourceQuality "1"]

{[%evp 22,80,0,0,0,0,0,0,0,0,0,0,0,0,95,0,0,0,17,8,29,19,11,5,28,13,18,-14,-8,-12,0,0,0,0,0,0,0,0,0,-8,0,0,0,-59,0,0,0,0,0,0,0,0,0,0,0,0,0,0,0,0,8]} 1. e4 c5 2. Nf3 d6 3. d4 cxd4 4. Nxd4 Nf6 5. Nc3 a6 6. Be2 e5 7. Nb3 Be7 8. Be3 Be6 9. Qd3 O-O 10. O-O Nbd7 11. Nd5 Bxd5 12. exd5 Ne8 {B92: Sicilian Najdorf: 6 Be2} 13. c4 Bg5 14. Bxg5 Qxg5 15. Na5 b6 16. Nc6 a5 {[#]} 17. Qa3 $146 ({Predecessor:} 17. b3 f5 {0-1 (58) Li,C (2755)-Giri,A (2790) Stavanger 2016}) 17... Rc8 {[#]} (17... f5 $11 {keeps the balance.}) 18. b4 (18. Bg4 $1 $16 {[%cal Rg4d7]} f5 19. Qe3 Qxe3 20. fxe3) 18... axb4 $11 19. Qxb4 f5 20. a4 Rf7 21. a5 bxa5 22. Rxa5 e4 23. Kh1 f4 24. f3 e3 25. Rfa1 Qf6 26. Qb7 Rc7 27. Qb1 g6 28. Ra8 Rf8 29. g3 Nc5 30. Rb8 {Threatening Raa8.} Nd7 31. Rba8 Ng7 32. Qe4 (32. Rxf8+ $11 Qxf8 33. Ra5) 32... Nc5 (32... fxg3 $15 33. hxg3 Nf5) 33. Qxf4 {The position is equal.} (33. Qd4 {looks sharper.} Qxd4 34. Nxd4 Rcf7 35. Kg2 Rxa8 36. Rxa8+ Rf8 37. Rxf8+ Kxf8 38. gxf4 Nf5 39. Nb5) 33... Qxa1+ 34. Rxa1 Rxf4 35. gxf4 Nf5 36. Kg1 Rb7 37. Ra8+ Kg7 {[#] Hoping for ...Rb2.} 38. Ra7 Rxa7 39. Nxa7 Kf6 40. Nb5 g5 {Precision: White = 65%, Black = 55%.} 1/2-1/2

[Event "Chigorin Mem. Russian Cup 2017"]
[Site "St. Petersburg"]
[Date "2017.10.27"]
[Round "7"]
[White "Pridorozhni, Aleksei"]
[Black "Bellaiche, Anthony"]
[Result "1-0"]
[WhiteElo "2565"]
[BlackElo "2493"]
[Annotator "TA"]
[PlyCount "81"]
[EventDate "2017.??.??"]
[EventType "swiss"]
[EventCountry "RUS"]
[SourceTitle "playchess.com"]
[Source "ChessBase"]
[SourceQuality "1"]

{[%evp 23,81,27,56,12,13,25,14,15,19,25,31,0,0,0,0,0,0,0,0,0,0,0,0,0,0,-1,-1,-2,18,13,12,0,0,0,96,99,129,41,398,379,1474,1387,1481,1434,7730,7793,7843,7843,7951,7951,7487,7139,6009,843,6095,6095,29982,29982,29980,8361]} 1. e4 c5 2. Nf3 e6 3. c3 d5 4. exd5 Qxd5 5. d4 Nf6 6. Be2 Nc6 7. O-O Be7 8. c4 Qd8 9. dxc5 Qxd1 10. Rxd1 Bxc5 11. Nc3 O-O 12. a3 e5 {LiveBook: 3 Games. B22: Sicilian: 2 c3} (12... b6 13. b4 Be7 14. Bf4 Bb7 15. Nb5 Rfd8 16. Bc7 Rxd1+ 17. Rxd1 Ne8 18. Bg3 f6 19. Nfd4 Nxd4 20. Nxd4 Kf7 21. c5 Bd5 {1-0 (52) Rublevsky,S (2688)-Zhou,J (2668) Ningbo 2010}) 13. b4 Bd4 $1 {[%cal Rd4c3]} 14. Nxd4 Nxd4 {White has an edge.} 15. Bd3 $146 ({Predecessor:} 15. Be3 Nc2 16. Rac1 Nxe3 17. fxe3 Bg4 18. Bf3 Rae8 19. Nd5 Nxd5 20. cxd5 Bxf3 21. gxf3 {½-½ (60) Chrzaszcz,M (2059)-Wisniowska,K (2165) Suchedniow 2012}) 15... Be6 16. Be3 Rfd8 17. Bxd4 (17. Rac1 {with more complications.} a5 18. b5 Rac8 19. Na4 h6 20. Nb6) 17... Rxd4 18. Be2 Bxc4 19. Rxd4 exd4 20. Bxc4 {[#] And now Nb5 would win.} dxc3 $11 {[%mdl 4096] Endgame KRB-KRN} 21. Rc1 Rc8 22. Rxc3 Kf8 {Hoping for ...b5!} 23. Rc2 $1 Ne4 24. Bd3 Rxc2 25. Bxc2 {KB-KN} Nd2 26. Bd3 ({But not} 26. Bxh7 $2 g6 $19) 26... Ke7 27. f4 ({Don't go for} 27. Bxh7 $2 g6 $17) 27... Kd6 28. Bxh7 Kd5 (28... g6 $11 {remains equal.}) 29. h4 $16 b5 {[#]} 30. h5 ({White should try} 30. g3 $1 $16) 30... Nc4 $2 {[%mdl 8192]} ({Better is} 30... Ne4 $1 $14) 31. g4 $18 {[%cal Bg2g4,Bg4g5,Bg5h6,Bh6h7][%mdl 32]} Nxa3 $2 (31... f6 32. g5 Ke6 33. Bg8+ Ke7 34. Bxc4 bxc4) 32. g5 Nc4 33. Bd3 Nd6 34. h6 gxh6 35. gxh6 f5 36. h7 Nf7 37. Bxf5 Nh8 38. Kf2 Kc4 39. Ke3 Kxb4 40. Kd4 Ka3 41. Kd3 {Precision: White = 73%, Black = 42%.} (41. Ke5 $142 b4 42. Kf6 Kb3 43. Kg7 Kc3 44. Kxh8 Kd4 45. Bg6 b3 46. Kg8) 1-0

[Event "Chigorin Mem. Russian Cup 2017"]
[Site "St. Petersburg"]
[Date "2017.10.27"]
[Round "7"]
[White "Timofeev, Artyom"]
[Black "Vokhidov, Shamsiddin"]
[Result "1/2-1/2"]
[WhiteElo "2549"]
[BlackElo "2399"]
[Annotator "TA"]
[PlyCount "60"]
[EventDate "2017.??.??"]
[EventType "swiss"]
[EventCountry "RUS"]
[SourceTitle "playchess.com"]
[Source "ChessBase"]
[SourceQuality "1"]

{[%evp 9,60,-8,11,16,14,12,29,21,23,25,28,38,37,35,20,11,13,25,6,6,10,10,18,22,18,18,21,13,24,25,21,19,30,14,20,14,17,8,14,19,20,11,20,4,13,6,22,0,8,0,14,0,0]} 1. d4 Nf6 2. Bg5 d5 3. e3 c5 4. c3 Nc6 5. Nd2 {[%cal Bb1d2,Bd2f3,Bf3e5][%mdl 32]} e5 6. dxe5 {D00: 1 d4 d5: Unusual lines} Nxe5 7. Ngf3 Nxf3+ 8. Nxf3 {White has an edge.} Be7 9. Bb5+ Bd7 10. Bxd7+ Qxd7 11. Ne5 Qe6 $146 ({Predecessor:} 11... Qf5) 12. Qa4+ Nd7 $1 13. Bxe7 Qxe7 14. Nxd7 Qxd7 15. Qf4 Qe6 16. O-O O-O 17. Rfd1 Rfd8 18. Rd2 Rd7 19. Rad1 Rad8 20. h3 h6 21. a3 b6 {The position is equal.} 22. Rd3 Qc6 23. R1d2 Qe6 24. Qa4 Qe7 25. Qd1 {[%cal Rd3d5]} Qe6 26. b3 Qe5 27. Qg4 Rd6 28. Qd1 R6d7 29. Qg4 Rd6 30. Qd1 R6d7 {Precision: White = 52%, Black = 59%.} 1/2-1/2

[Event "Chigorin Mem. Russian Cup 2017"]
[Site "St. Petersburg"]
[Date "2017.10.27"]
[Round "7"]
[White "Triapishko, Alexandr"]
[Black "Moiseenko, Vadim"]
[Result "1/2-1/2"]
[WhiteElo "2508"]
[BlackElo "2543"]
[Annotator "TA"]
[PlyCount "80"]
[EventDate "2017.??.??"]
[EventType "swiss"]
[EventCountry "RUS"]
[SourceTitle "playchess.com"]
[Source "ChessBase"]
[SourceQuality "1"]

{[%evp 15,80,42,36,17,33,30,15,9,3,8,7,6,11,-4,10,15,20,0,0,0,0,0,0,0,0,-12,-1,-12,0,-6,-9,-14,-16,-22,-18,-27,-25,-23,-23,-22,-30,-47,-6,-7,-7,-72,0,0,0,0,0,0,0,0,0,0,0,-8,0,0,0,0,0,0,0,0,0]} 1. e4 e5 2. Nf3 Nc6 3. Bb5 Nf6 4. d3 d6 5. O-O Be7 6. c3 O-O {C65: Ruy Lopez: Berlin Defence (3...Nf6), unusual lines and 4 0-0 Bc5} (6... a6 7. Ba4 O-O 8. Nbd2 Nd7 9. d4 Bf6 10. Bxc6 bxc6 11. Nc4 exd4 12. cxd4 a5 13. Re1 Nb6 14. Qc2 Nxc4 15. Qxc4 Bd7 16. Bf4 Re8 {½-½ (42) Navara,D (2737)-Ivanchuk,V (2738) Prague 2017}) 7. Re1 Bg4 8. Nbd2 a6 {LiveBook: 5 Games. White is slightly better.} 9. Bxc6 bxc6 10. h3 Bh5 11. Nf1 Nd7 12. Ng3 Bxf3 13. Qxf3 Bg5 $146 ({Predecessor:} 13... c5 14. Nf5 Kh8 15. d4 {0-1 (56) Naroditsky,D (2335)-Rensch,D (2399) Philadelphia 2009}) 14. d4 Bxc1 15. Raxc1 Qg5 16. Rc2 g6 17. Nf1 a5 18. Qe3 Qf6 19. dxe5 Qxe5 20. f4 Qe6 21. c4 a4 22. Qc3 Qf6 23. Qxf6 Nxf6 24. e5 Rfe8 25. Rce2 dxe5 26. Rxe5 Reb8 27. R1e2 Rb4 28. Ne3 Kf8 29. a3 Rb3 {Hoping for ...Nd7.} 30. Ng4 {[#]} (30. Rd2 $11 {remains equal.}) 30... Nxg4 (30... Nh5 $1 $17 31. f5 Ng3) 31. hxg4 $17 {[%mdl 4096] Endgame KRR-KRR. The position is equal.} Rab8 32. Re7 Rxb2 33. Rxb2 Rxb2 34. Rxc7 $11 {KR-KR} Rb3 35. Rxc6 Rxa3 36. Ra6 Ra1+ 37. Kh2 a3 38. c5 a2 39. g3 Rc1 40. Rxa2 Rxc5 {Precision: White = 56%, Black = 63%.} 1/2-1/2

[Event "Chigorin Mem. Russian Cup 2017"]
[Site "St. Petersburg"]
[Date "2017.10.27"]
[Round "7"]
[White "Lomasov, Semen"]
[Black "Alekseenko, Kirill"]
[Result "0-1"]
[WhiteElo "2490"]
[BlackElo "2563"]
[Annotator "TA"]
[PlyCount "76"]
[EventDate "2017.??.??"]
[EventType "swiss"]
[EventCountry "RUS"]
[SourceTitle "playchess.com"]
[Source "ChessBase"]
[SourceQuality "1"]

{[%evp 29,76,20,36,17,24,-47,9,-42,-37,-31,-19,-18,-4,-71,-68,-101,-87,-95,-85,-89,-92,-119,-95,-98,-80,-167,-134,-185,-127,-189,-163,-153,-134,-155,-132,-189,-172,-631,-602,-937,-936,-908,-855,-29974,-29974,-29988,-29989,-29989,-29990]} 1. e4 c5 2. Nf3 Nc6 3. d4 cxd4 4. Nxd4 Nf6 5. Nc3 d6 6. Bg5 e6 7. Qd2 a6 8. O-O-O Bd7 9. f4 Be7 10. Nf3 b5 {[%cal Bb7b5,Bb5b4][%mdl 32]} 11. Bxf6 gxf6 12. Kb1 Qb6 13. Bd3 b4 {B69: Sizilianisch (Richter/Rauser-Angriff)} 14. Ne2 a5 15. f5 Qc5 {LiveBook: 4 Partien. Die Stellung ist ausgeglichen.} 16. Rc1 (16. Nf4 a4 17. Rhe1 Bd8 18. b3 Qc3 19. Bb5 axb3 20. cxb3 Qxd2 21. Rxd2 {1-0 (32) Timofeev,A (2536)-Alekseenko,K (2513) Samara 2015}) 16... Ne5 $146 ({Vorgänger:} 16... a4 17. c3 b3 18. a3 e5 19. Qh6 Na5 20. c4 Bc6 21. Ng3 {½-½ (31) Grushevsky,A (2200)-Klovsky,R (2200) Riga 1975}) 17. Ned4 (17. Rhd1 $11) 17... Rb8 (17... a4 $15) 18. c4 ({Besser ist} 18. Nxe5 $11 dxe5 19. fxe6 fxe6 20. Nb3) 18... a4 $15 19. Rhd1 Nxf3 (19... O-O {seems wilder.} 20. Be2 b3 21. a3 Kh8 22. h3 Rg8) 20. Nxf3 h5 21. Rf1 (21. fxe6 $11 {bleibt in der Remisbreite.} fxe6 22. Rf1) 21... e5 $17 22. g3 Bf8 {[%cal Be7f8,Bf8h6,Bh6g5,Bg5e3,Be3f4][%mdl 32]} 23. Qe2 Bh6 24. Rcd1 Ke7 25. Nh4 Bc6 26. Rfe1 Rbg8 27. Ng2 (27. Nf3 $17 {ist wohl besser.}) 27... Bg5 28. Rh1 (28. Ne3 $17) 28... Bb7 ({Lieber} 28... a3 $19 29. b3 h4 30. gxh4 Bxh4) 29. Ne1 (29. Bc2 $17) 29... h4 $19 30. gxh4 Be3 ({Jedoch nicht} 30... Rxh4 31. Nf3 $15) 31. Nc2 Bf4 {[%mdl 1024] Schwarz hat starke Kompensation.} 32. b3 (32. h5 $17) 32... Ra8 {[#] Und weiter mit ...axb3 wäre nett.} 33. Kb2 $2 (33. Na1) 33... Qa7 {Droht ...axb3 und aus.} (33... axb3 34. axb3 Rxh4 35. Qe1 $17) 34. Ra1 {Falls Weiss jetzt zu a3 käme, bestünde noch etwas Hoffnung.} a3+ ({Schwächer ist} 34... Rxh4 35. a3 $17) 35. Kb1 Rxh4 {zielt auf ...Tah8 ab.} 36. Ne1 Rg8 {Schwarz setzt Matt.} 37. Kc2 Qd4 38. Rb1 Rh3 {Precision: Weiß = 24%, Schwarz = 62%.} 0-1

[Event "Chigorin Mem. Russian Cup 2017"]
[Site "St. Petersburg"]
[Date "2017.10.27"]
[Round "7"]
[White "Lugovskoy, Maxim"]
[Black "Vorobiov, Evgeny E."]
[Result "1/2-1/2"]
[WhiteElo "2474"]
[BlackElo "2555"]
[Annotator "TA"]
[PlyCount "78"]
[EventDate "2017.??.??"]
[EventType "swiss"]
[EventCountry "RUS"]
[SourceTitle "playchess.com"]
[Source "ChessBase"]
[SourceQuality "1"]

{[%evp 23,78,-4,0,0,0,9,8,0,8,4,18,0,0,0,0,-10,-10,-7,0,0,14,0,-4,-20,-25,-39,-44,-39,-35,-45,0,0,3,8,15,10,39,41,41,19,45,-19,-10,-15,-26,-58,-54,-50,-27,-22,0,0,0,-47,0,0,0]} 1. e4 c5 2. c3 Nf6 3. e5 Nd5 4. d4 cxd4 5. cxd4 d6 6. Nf3 Nc6 7. Bc4 Nb6 8. Bb3 dxe5 9. d5 Na5 10. Nc3 Nxb3 11. Qxb3 e6 12. Nxe5 exd5 13. Be3 {B22: Sicilian: 2 c3} Bd6 14. Qb5+ Kf8 15. Nf3 Bd7 16. Qb3 Bc6 17. Rd1 $146 ({Predecessor:} 17. O-O Nc4 18. Bd4 f6 19. Rad1 Kf7 20. Qc2 g6 {½-½ (44) Palkovi,J (2415)-Szekely,F (2200) Zalakaros 2005}) 17... h5 {[%cal Bh7h5,Bh5h4,Bh4h3][%mdl 32]} 18. O-O h4 19. Nb5 h3 {[#] ...hxg2 is the strong threat.} 20. g3 Nc4 21. Nxd6 Qxd6 22. Bd4 f6 23. Qc2 {[#] And now b3 would win.} Qd7 24. Qg6 Rh6 25. Qd3 Kf7 26. Rfe1 b6 27. Bc3 Re8 28. Rxe8 Qxe8 29. Re1 Qc8 30. b3 {[%mdl 1024] White has compensation.} Nd6 $1 31. Nd4 {aiming for Bd2.} Bd7 $1 32. Bb4 (32. Bd2 $14 Rh5 33. Bf4) 32... Ne4 $11 33. Nb5 Rh5 34. Nd4 {[%cal Bb5d4,Bd4f3,Bf3h4][%mdl 32]} a5 35. Ba3 Re5 36. Nf3 Rf5 37. Nh4 $1 {[%cal Rh4f5]} (37. g4 $2 Rf4 $19) 37... Re5 38. Nf3 Rf5 39. Nh4 ({Don't go for} 39. g4 $2 Rf4 $19) 39... Re5 {Precision: White = 58%, Black = 63%.} 1/2-1/2